Mito, censura y choteo en la obra El Costarricense de Constantino Láscaris
Збережено в:
| Автор: | |
|---|---|
| Формат: | Книга |
| Мова: | Undetermined |
| Опубліковано: |
San José, Costa Rica
Universidad de Costa Rica, Facultad de Letras, Escuela de Filosofía
2012
|
| Предмети: | |
| Теги: |
Додати тег
Немає тегів, Будьте першим, хто поставить тег для цього запису!
|
MARC
| LEADER | 00000nam a2200000Ia 4500 | ||
|---|---|---|---|
| 008 | 170316s9999 xx 000 0 und d | ||
| 040 | |a cru BVZT | ||
| 090 | |a TESIS 883 | ||
| 100 | |a Cruz Murillo, Luis Roberto; Siu Lanzas, Elsa Patricia; Soto Espinoza, Ricardo Alberto | ||
| 245 | |a Mito, censura y choteo en la obra El Costarricense de Constantino Láscaris | ||
| 260 | |a San José, Costa Rica | ||
| 260 | |b Universidad de Costa Rica, Facultad de Letras, Escuela de Filosofía | ||
| 260 | |c 2012 | ||
| 300 | |a 52 páginas | ||
| 650 | |a TRABAJO FINAL DE GRADUACIÓN | ||
| 650 | |a LICENCIATURA EN FILOSOFÍA | ||
| 650 | |a IDENTIDAD COSTARRICENSE | ||
| 650 | |a OBRA : EL COSTARRICENSE | ||
| 650 | |a CONSTANTINO LÁSCARIS | ||
| 999 | |c 14543 |d 14543 | ||
| 942 | |c TFG |h TESIS 883 |2 z | ||
